02279nam a22002177a 450000500170000000800410001704000290005804100080008708200150009510000280011024201880013824501800032626001840050630000310069050007140072150505160143550600210195154600230197260000420199565000240203720170120114344.0151005s1880 fr a|||fr|||| 001 0bfre d cSandra YazodSandra Yazo0 aspa04220a922.221 aLoth, Arthurd1842-192700aSan Vicente de Paúl y su misión socialcpor Arturo Loth ; Introducción de Luis Veuillot. Con Apéndices de Ad. Baudon - P. B. et L. B. – E. Cartier – Auguste Rousselyspa10aSaint Vincent de Paul et sa mission sociale cpar Arthur Loth ; Introduction par Louis Veuillot. Appendices par Ad. Baudon - P. B. et L. B. – E. Cartier – Auguste Roussel aParís (Francia)bLibrairie de D. Dumoulin et Cie. [Librería de D. Dumoulin y Compañía]bTypographie de A. Pillet et D. Dumoulin [Imprenta de A. Pillet y D. Dumoulin]c1880 a525 páginasc30 x 21 cm. aDetalles físicos: Encuadernación rígida en cartón duro, forrado en piel texturizada. Tapas y lomo con decoración repujada en cintas e hilos, policromada, tapa posterior con una imagen central de Jesús-Verdad (“La verdad os hará libres”). Guardas en papel texturizado con una ilustración en dorado. Hoja de cortesía. Anteportada. Frontispicio: cromolitografía (impresa por Lemercier). Papel Protector. Portada impresa en rojo y negro. Texto impreso en una sola columna. Márgenes amplios. Grabados e ilustraciones. Cromolitografías de calidad. Índice. Cinta para señalar la lectura. Cortes en dorado. Última cromolitografía deteriorado. Grabado desprendido (págs. 414-415)1 aIntroducción ; La vocación: El hombre y la obra ; La preparación ; Apostolado de caridad ; Las obras: las Conferencias de caridad ; La Congregación de la Misión ; Hermanas de la Caridad ; El Hospital ; Acción pastoral: Las Misiones ; Renacimiento religioso ; Política y caridad ; El Santo: Sus virtudes ; Sus milagros ; Un día de San Vicente ; Muerte ; Canonización ; La posteridad: desarrollo de su obra ; La prueba de la Revolución ; Las Sociedades de San Vicente ; Apéndices ; Índice aConsulta en sala aTexto en francés14aVicente de PaulcSanto xBiografías 7aSantosvBiografía